| 000 | 00478nam a22001697a 4500 | ||
|---|---|---|---|
| 003 | BUBTL | ||
| 008 | 160119b xxu||||| |||| 00| 0 eng d | ||
| 020 | _a9788189874148 | ||
| 082 |
_22nd _a621.319CHD |
||
| 245 |
_aDigital Circuits Vol-2 _cChaudhuri, Diptiman Ray |
||
| 260 |
_aKolkata _bPlatinum Publishers _c2009 |
||
| 300 |
_a[xv]956p _bill _c24 |
||
| 650 | _2EEE | ||
| 856 |
_k0 _l0 _yDownload |
||
| 942 |
_2ddc _cBK |
||
| 999 |
_c5098 _d5098 |
||